000 03912nab a2200349 i 4500
003 BR-BrBNA
005 20240801153927.0
008 240801b2017 bl.|r|pooa||| 00| 0 por |
040 _aBR-BrBNA
_bpor
072 _aL01
_b6100
100 _aDamasceno, J.L.
100 _aCruz, F.G.G.
100 _aMelo, R.D.
100 _aFeijó, J.C.
100 _aRufino, J.P.F.
100 _aValentim, F.M.
100 _aOliveira, J.P.C.
245 _aInoculação de proteína isolada de soja em ovos embrionados oriundos de matrizes semipesadas com diferentes idades
500 _aPublicação on-line; 23 ref.; 6 tables; Summaries (En, Pt)
520 _a RESUMO - Este estudo objetivou avaliar os efeitos da inoculação de proteína isolada de soja (P.I.S.) em ovos embrionados de matrizes semipesadas com diferentes idades. Foram utilizados 320 ovos embrionados de matrizes semipesadas da linhagem Rhode Island Red com 35 e 70 semanas de idade. Ao 17º dia de incubação, os ovos foram inoculados com 0,5mL de solução diretamente na cavidade alantoide. O delineamento experimental utilizado foi o inteiramente ao acaso, em esquema fatorial (2 x 4), constituído por dois fatores: idades das matrizes (matrizes jovens e matrizes velhas) e soluções inoculadas (ovo íntegro; 0,5% de solução salina; 1% de P.I.S. + 0,5% de solução salina; e 2% de P.I.S. + 0,5% de solução salina), totalizando oito tratamentos contendo 40 ovos cada. Os dados coletados foram analisados pelo teste de Tukey a 5% de significância. A inoculação de proteína isolada de soja apresentou efeito positivo sobre a relação pinto-ovo, porém sem proporcionar melhora nos rendimentos de incubação, no desenvolvimento dos órgãos e no desempenho de pintos na fase pré-inicial. A idade da matriz influenciou diretamente as variáveis avaliadas, em que ovos oriundos de aves velhas apresentaram maior peso, maior mortalidade embrionária na fase tardia, pintos mais pesados e pior conversão alimentar. Palavras-chave: desempenho de pintos, eclodibilidade, mortalidade embrionária, nutrição in ovo
520 _a ABSTRACT - This study aimed to evaluate the influence of inoculation of isolated soy protein (P.I.S.) in embryonated eggs of semi-heavy with different ages. 320 embryonated eggs were used from semi-heavy breeders of Rhode Island Red lineage with 35 and 70 weeks of age. In the 17th day of incubation, the eggs were inoculated with 0.5 ml of solution in the allantoic cavity. The experimental method was completely randomized in factorial scheme (2 x 4), consisting of two factors: matrices ages (young and old matrices) and inoculation solutions (non-inoculated eggs; 0.5% of saline solution; 1% of P.I.S. + 0.5% of saline solution; and 2% of P.I.S. + 0.5% of saline solution, totalling eight treatments containing 40 eggs each. The inoculation of isolated soy protein showed positive effect on the chick-egg relation, albeit without improving incubation yields, organ development and chicks’s performance in the pre-initial phase. The age of the breeder directly influenced the variables evaluated, with eggs from older breeder showing better weight, higher embryonic mortality in late phase, heavier chicks and worse feed conversion. Keywords: chick performance, embryo mortality, hatchability, in ovo nutrition
650 _aPINTO
650 _aPERFORMANCE
650 _aINCUBAÇÃO
650 _aINOCULAÇÃO
650 _aNUTRIÇÃO
650 _aOVO
773 0 _01643
_9316243
_dBelo Horizonte-MG Universidade Federal de Minas Gerais - Escola de Veterinaria 1983
_o2024-2644
_tArquivo Brasileiro de Medicina Veterinária e Zootecnia (Brazil)
_x0102-0935
_gv. 69(5) p. 1259-1266; (2017)
_w2024002207
856 _uhttps://www.scielo.br/j/abmvz/a/B5wpnnNhXryDNPG4mtmWRBd/?format=pdf&lang=pt
942 _cAnalítica
999 _c300714
_d300714